| 000 | 01857ncm0a22003491 4500 | ||
|---|---|---|---|
| 001 | RU\NLR\ONIZ\209814 | ||
| 005 | 20250624195322.0 | ||
| 010 | _a5-8111-0042-6 | ||
| 035 | _aRU\NLR\ONIZ\Таня\5000001406\20150406155202 | ||
| 035 | _a(NLR Aleph) 010890634 | ||
| 090 |
_a10551208 _c10551208 |
||
| 100 | _a20150406d2004 |||y0rusy50 ca | ||
| 101 | 0 | _arus | |
| 102 | _aRU | ||
| 125 | _azx | ||
| 128 | _asg | ||
| 200 | 1 |
_aМое родное Кеноречье _bНоты _eнар. песни Архангел. обл. Плесецкого и Каргопольского районов _e[для нар. хора без сопровожд.] _fВ. М. Истомин |
|
| 210 |
_aМ. _cМелограф _d2004 |
||
| 215 |
_a100 с. _cил. _d21 см |
||
| 313 | _aСистематизация документа проведена по изданию - Методика классифицирования музыкальных произведений (нотных изданий) по таблицам Библиотечно-библиографических классификаций : метод. рекомендации / Гос. б-ка СССР им. В.И. Ленина.- М., 1977. Индексу ББК методических рекомендаций присваивается код ББК для научных библиотек - LBC/SL | ||
| 686 |
_aЩ941.62-0-092(2РI)я43 _vLBC/SL _2rubbk |
||
| 700 | 1 |
_9z02790 _aИстомин _bВ. М. _f1953- _gВасилий Михайлович _4230 |
|
| 790 | 1 |
_9z02700 _aIstomin _bV. M. _f1953- _gVasiliy Mikhaylovich _4230 |
|
| 801 | 0 |
_aRU _bNLR _c20150406 _gPSBO |
|
| 801 | 1 |
_aRU _bNLR _c20150406 _2rusmarc |
|
| 801 | 2 |
_aRU _bNLR _c20151106 |
|
| 852 |
_aNLR _bМ _jК-2/4550а _p280714 _t2 |
||
| 852 |
_aNLR _bМ _jК-2/4550 _p280713 _t1 |
||
| 942 | _cSCORE | ||
| 980 | _aNB | ||
| 980 | _aONIZ | ||